MARC

LEADER 00000nam0a2200000 4500
001 288662
005 20231102000118.0
035 |a (RuTPU)RU\TPU\book\313141 
090 |a 288662 
100 |a 20150326d1985 k y0rusy50 ca 
101 0 |a rus 
102 |a RU 
105 |a a z 001zy 
200 1 |a Гравировальная палата Академии наук XVIII века  |e сборник документов  |f Академия наук СССР (АН СССР), Архив ; Государственный русский музей ; сост. М. А. Алексеева, Ю. А. Виноградов, Ю. А. Пятницкий 
210 |a Ленинград  |c Наука  |d 1985 
215 |a 294 с.  |c ил. 
225 1 |a Государственный Русский музей 
320 |a Указатель имен: с. 280-286 
606 1 |a Гравюра высокой печати  |2 stltpush  |3 (RuTPU)RU\TPU\subj\8455  |9 35865 
610 1 |a гравирование 
610 1 |a гравировка 
610 1 |a история 
610 1 |a Россия 
610 1 |a 18 век 
610 1 |a граверы 
610 1 |a документы 
675 |a 761  |v 3 
702 1 |a Алексеева  |b М. А.  |4 220 
702 1 |a Виноградов  |b Ю. А.  |4 220 
702 1 |a Пятницкий  |b Ю. А.  |4 220 
712 0 2 |a Академия наук СССР (АН СССР)  |b Архив  |c (Москва, Ленинград)  |2 stltpush  |3 (RuTPU)RU\TPU\col\5501 
712 0 2 |a Государственный русский музей  |2 stltpush  |3 (RuTPU)RU\TPU\col\12490  |9 25433 
801 1 |a RU  |b 63413507  |c 20150326 
801 2 |a RU  |b 63413507  |c 20180205  |g RCR 
942 |c BK